| 000 | 00616nam a22001817a 4500 | ||
|---|---|---|---|
| 999 |
_c190851 _d190851 |
||
| 005 | 20220808102731.0 | ||
| 010 | _aENG-134339 | ||
| 020 |
_a9789387871359 _c190.00 |
||
| 035 | _aEN-117871 | ||
| 037 | _bDBAD/PUB | ||
| 082 | _a338.4791 | ||
| 100 | _aPilavadisamy, Srinivasan | ||
| 245 |
_aTourism Destination Development and Management/ _cSrinivasan Pilavadisamy |
||
| 260 |
_aTamil Nadu _bShanlax Publications _c2018 |
||
| 270 |
_a61, 66 T.P.K. main Road, Vasantha Nagar _bMadurai _e625003 _mpublisher@shanlaxpublicaitons.com |
||
| 300 |
_ax, 114p. _c22cm(pbk) |
||
| 942 |
_2ddc _cEN _h338.4791 _mPIL |
||